000 00352nam a2200133Ia 4500
008 240624s9999 xx 000 0 und d
041 _aeng
082 _a332.41 RAO
100 _aRAO SHILPA M
245 _aINFLATION TARGETING CONCEPTS AND EXPERIE
260 _c2004
_aHyderabad
_bICFAI University
300 _aviii, : 176 : p. : cm. ; 23
365 _cRS
999 _c2878
_d2878